Top 15 landen met Covid-19 sterfgevallen - 8 maa 2021 - Statistieken

Algemene statistieken
  • Deze quiz is 3 keer genomen
  • De gemiddelde score is 10 van 24
Antwoordstatistieken
land % Correct
India
100%
Mexico
100%
Rusland
100%
Verenigde Staten
100%
Verenigd Koninkrijk
100%
Argentinië
50%
Brazilië
50%
Duitsland
50%
Frankrijk
50%
Iran
50%
Italië
50%
Peru
50%
Portugal
50%
Spanje
50%
België
0%
Bosnië en Herzegovina
0%
Bulgarije
0%
Colombia
0%
Hongarije
0%
Noord-Macedonië
0%
Slovenië
0%
Slowakije
0%
Tsjechië
0%
Zuid-Afrika
0%
Geen overeenkomende quizzen gevonden
Scoreverdeling
Procent van Mensen met Elke Score
Percentiel versus Aantal Correcte Antwoorden
Uw Scoregeschiedenis
U heeft deze quiz nog niet genomen